[Event "Challenge"]
[Site "http://www.queenalice.com/game.php?id=1538972"]
[Date "2018.8.15"]
[Round "-"]
[White "Lintz"]
[Black "peterwagner"]
[Result "0-1"]
[WhiteElo "1890"]
[BlackElo "1948"]

1. e4 d6 2. Nc3 Nf6 3. f4 g6 4. Nf3 Bg7 5. d4 c5 6. dxc5 Qa5 7. Bd2 Qxc5 8. h3
O-O 9. Bd3 e6 10. Qe2 Nc6 11. Be3 Qb4 12. O-O Qxb2 13. Na4 Qb4 14. Bb5 Nxe4 15.
Rab1 Ng3 16. Kf2 Nxe2 17. Rxb4 Nxb4 18. Bxe2 Nxc2 19. Bd2 Bd7 20. Nc3 Nd4 0-1

[Event "bluesman"]
[Site "http://www.queenalice.com/game.php?id=1539820"]
[Date "2018.8.23"]
[Round "3"]
[White "peterwagner"]
[Black "Orly"]
[Result "0-1"]
[WhiteElo "1964"]
[BlackElo "1874"]

1. Nf3 d5 2. g3 Nc6 3. Bg2 e5 4. d3 Bd6 5. e4 d4 6. Nbd2 Bg4 7. Nc4 Nf6 8. h3
Be6 9. Nxd6+ Qxd6 10. Bg5 Bd7 11. Bxf6 Qxf6 12. c3 dxc3 13. bxc3 O-O 14. Qb3 b6
15. h4 h6 16. Qd5 Rad8 17. Qc4 Qd6 18. d4 exd4 19. cxd4 Qb4+ 20. Qxb4 Nxb4 21.
O-O a5 22. Rfe1 Rfe8 23. Rad1 Ba4 24. Rd2 f6 25. e5 Bc6 26. a3 Bxf3 27. axb4
Bxg2 28. Kxg2 fxe5 29. bxa5 bxa5 30. d5 Kf7 31. Kf3 h5 32. Ra1 e4+ 33. Kf4 c6
34. d6 Ke6 35. Rxa5 g6 36. Re5+ Kd7 37. Kxe4 Rxe5+ 38. Kxe5 Re8+ 39. Kf4 Re6 40.
Kf3 Rxd6 41. Ke2 Rxd2+ 42. Kxd2 Ke6 43. f3 Ke5 44. Kd3 Kd5 45. Kc3 c5 46. Kd3
c4+ 47. Kc3 Kc5 48. f4 Kd5 49. g4 hxg4 50. f5 gxf5 51. h5 g3 52. h6 g2 53. h7
g1=Q 54. h8=Q Qa1+ 0-1

[Event "Challenge"]
[Site "http://www.queenalice.com/game.php?id=1542144"]
[Date "2018.9.14"]
[Round "-"]
[White "christian_labat"]
[Black "peterwagner"]
[Result "1-0"]
[WhiteElo "2017"]
[BlackElo "1955"]

1. c3 Nf6 2. d4 g6 3. Nd2 d5 4. e4 dxe4 5. Bc4 Bg7 6. Ne2 O-O 7. Ng3 Bg4 8. Qb3
b6 9. O-O Qd6 10. Ndxe4 Nxe4 11. Nxe4 Qc6 12. Bd5 Qd7 13. Bxa8 c6 14. Qa4 Bf5
15. Ng3 Bd3 16. Re1 Bb5 17. Qa3 Re8 18. b3 a5 19. Bg5 e6 20. c4 Ba6 21. Rad1 h6
22. Bf4 Qd8 23. d5 cxd5 24. cxd5 e5 25. Bc1 Bf8 26. Qb2 Qf6 27. Bc6 Nxc6 28. Ne4
Qd8 29. dxc6 Qe7 30. Rd6 Qc7 31. Nf6+ Kg7 32. Nxe8+ 1-0

[Event "Challenge"]
[Site "http://www.queenalice.com/game.php?id=1542998"]
[Date "2018.9.20"]
[Round "-"]
[White "peterwagner"]
[Black "Excsiu"]
[Result "1-0"]
[WhiteElo "1969"]
[BlackElo "1846"]

1. Nf3 Nc6 2. g3 e5 3. e4 a6 4. Bg2 Nf6 5. d3 d5 6. Bg5 Be7 7. exd5 Qxd5 8. Nc3
Qa5 9. O-O O-O 10. Ne4 Bf5 11. Nxf6+ gxf6 12. Bh6 Rfd8 13. Nh4 e4 14. g4 Bg6 15.
Nxg6 hxg6 16. Bxe4 g5 17. Qf3 Nd4 18. Qh3 Ne2+ 19. Kh1 Nf4 20. Qf3 Ng6 21. Bxg6
fxg6 22. Rae1 Re8 23. Rxe7 Rxe7 24. Qxf6 Rae8 25. Qxg6+ Kh8 26. Bxg5 Qd5+ 27.
Kg1 Rg7 28. Bf6 Qd7 29. Bxg7+ Kg8 30. Bf6+ Kf8 31. Qh6+ Kf7 32. Qh7+ Ke6 33.
Qxd7+ Kxd7 34. f4 Re6 35. Be5 c5 36. h4 1-0

[Event "Challenge"]
[Site "http://www.queenalice.com/game.php?id=1546654"]
[Date "2018.10.22"]
[Round "-"]
[White "wolfman"]
[Black "peterwagner"]
[Result "1-0"]
[WhiteElo "2030"]
[BlackElo "1948"]

1. e4 e6 2. d4 d5 3. Nc3 c5 4. Nf3 c4 5. Be2 Nf6 6. Bg5 Be7 7. O-O Nc6 8. Bxf6
Bxf6 9. e5 Bh4 10. Qd2 h6 11. Rad1 Bg5 12. Nxg5 Qxg5 13. Nb5 O-O 14. f4 Qh4 15.
c3 Bd7 16. h3 a6 17. Nd6 f6 18. exf6 Rxf6 19. Nxb7 Raf8 20. Nc5 Be8 21. Bg4 Nd8
22. Qe3 Bh5 23. Bxh5 Qxh5 24. Nd7 Rg6 25. Nxf8 Kxf8 26. Rde1 Kg8 27. f5 Rf6 28.
Qe5 Nf7 29. Qb8+ Kh7 30. fxe6 Rxf1+ 31. Rxf1 Ng5 32. Qe5 Qg6 33. e7 1-0

[Event "Challenge"]
[Site "http://www.queenalice.com/game.php?id=1549198"]
[Date "2018.11.14"]
[Round "-"]
[White "jjjcarvalho"]
[Black "peterwagner"]
[Result "0-1"]
[WhiteElo "1458"]
[BlackElo "1952"]

1. d4 Nf6 2. Nf3 g6 3. e3 Bg7 4. Nc3 O-O 5. Bc4 d5 6. Bb3 Bf5 7. O-O c6 8. h3
Ne4 9. Nxe4 dxe4 10. Ne1 c5 11. c3 Nc6 12. dxc5 Qxd1 13. Bxd1 Rad8 14. Bc2 h5
15. f3 exf3 16. Bxf5 gxf5 17. Nxf3 Bh6 18. Nd4 Nxd4 19. exd4 Bxc1 20. Raxc1 Rd5
21. Rce1 e6 22. Rd1 Kh7 23. c4 Rdd8 24. Rd3 Rg8 25. Rfd1 Rg5 26. d5 Rdg8 27.
R1d2 f4 28. d6 Rxc5 29. b3 Rcc8 30. d7 Rcd8 31. Rf2 e5 32. Rfd2 e4 33. Rd4 f5
34. Kf1 e3 35. R2d3 Rg7 36. Rxf4 Kg6 37. Rxe3 Rgxd7 38. Re2 Rd1+ 39. Re1 Kg5 40.
Rf2 f4 41. Rxd1 Rxd1+ 42. Ke2 Rd4 43. Rf3 Re4+ 44. Kd2 h4 45. a4 a5 46. Rd3 Kf5
47. Rd5+ Re5 48. Rxe5+ Kxe5 49. Kd3 b6 50. Kc3 Kd6 51. b4 axb4+ 52. Kxb4 Kc6 53.
a5 bxa5+ 54. Kxa5 Kc5 55. Ka4 Kxc4 56. Ka3 Kd4 57. Kb2 Ke3 58. Kc2 Kf2 59. g4
fxg3 0-1

[Event "Challenge"]
[Site "http://www.queenalice.com/game.php?id=1557105"]
[Date "2019.1.17"]
[Round "-"]
[White "WLAO"]
[Black "peterwagner"]
[Result "0-1"]
[WhiteElo "1603"]
[BlackElo "1950"]

1. e4 e5 2. Nf3 Qf6 3. d3 h6 4. Nbd2 g5 5. g3 d6 6. Bg2 h5 7. b3 h4 8. Bb2 hxg3
9. fxg3 Bh3 10. Rg1 Bxg2 11. Rxg2 Nc6 12. Qe2 Nb4 13. Nc4 Nxc2+ 14. Qxc2 Qxf3
15. Rf2 Qg4 16. Ne3 Qd7 17. O-O-O Ne7 18. Rdf1 Bh6 19. Nd5 Nxd5 20. exd5 g4+ 21.
Kb1 Rf8 22. Rf6 Bg5 23. R6f2 f5 24. h4 Bh6 25. d4 e4 26. Qc4 b5 27. Qc3 a5 28.
Bc1 Bxc1 29. Qxc1 b4 30. Qg5 Qe7 31. Qh5+ Kd7 32. Rxf5 Rae8 33. Rxf8 Rxf8 34.
Qxg4+ Ke8 35. Rxf8+ Kxf8 36. Qc8+ Kf7 37. Qa6 e3 38. Qe2 Qe4+ 39. Kc1 Qxd4 40.
Qf3+ Kg7 41. Qe2 Kf6 42. Qf3+ Ke5 43. h5 Qd2+ 44. Kb1 e2 45. Qh1 e1=Q+ 46. Qxe1+
Qxe1+ 47. Kc2 Kd4 48. h6 Qh1 49. g4 Qxh6 50. Kd1 Qg6 51. Ke2 Qxg4+ 52. Kf2 Kxd5
53. Ke3 Qe4+ 54. Kf2 Kd4 55. Kg3 Ke3 56. Kh2 Kf3 57. Kg1 Qe2 58. a4 Qg2# 0-1

[Event "bluesman"]
[Site "http://www.queenalice.com/game.php?id=1557533"]
[Date "2019.1.21"]
[Round "4"]
[White "Erithacus"]
[Black "peterwagner"]
[Result "0-1"]
[WhiteElo "1938"]
[BlackElo "1954"]

1. Nf3 Nf6 2. c4 g6 3. Nc3 Bg7 4. e3 O-O 5. b4 d6 6. d4 c6 7. c5 dxc5 8. bxc5
Bf5 9. Be2 Nbd7 10. O-O Ne4 11. Bb2 Ndf6 12. Ne5 Nd5 13. Nf3 Nexc3 14. Bxc3 Nxc3
15. Qe1 Nxe2+ 16. Qxe2 Qd5 17. a4 Bg4 18. h3 Bxf3 19. Qxf3 Qxf3 20. gxf3 g5 21.
a5 a6 22. Rab1 Rab8 23. Kg2 f5 24. Kg3 h5 25. h4 f4+ 26. exf4 gxf4+ 27. Kh2 Bxd4
28. Rbe1 Bxc5 29. Re5 Bd4 30. Rg1+ Kf7 31. Rxh5 Rg8 32. Rf1 Rg6 33. Rf5+ Rf6 34.
Rh5 Rg8 35. Kh3 Rfg6 36. Rf5+ Rf6 37. Rh5 e6 38. Rg5 Rxg5 39. hxg5 Rf5 40. Kh4
Kg6 41. Kg4 Rxa5 42. Kxf4 Ra1 0-1

[Event "Plácida"]
[Site "http://www.queenalice.com/game.php?id=1563080"]
[Date "2019.3.4"]
[Round "-"]
[White "peterwagner"]
[Black "Copelipon"]
[Result "0-1"]
[WhiteElo "1999"]
[BlackElo "1886"]

1. Nf3 Nf6 2. g3 d5 3. Bg2 Bf5 4. O-O h6 5. d3 e6 6. Bf4 Bd6 7. Ne5 O-O 8. Nc3
Nbd7 9. d4 Ne4 10. Nxe4 dxe4 11. Nxd7 Qxd7 12. e3 f6 13. Qh5 e5 14. dxe5 fxe5
15. Bxh6 gxh6 16. Qxh6 Rf7 17. Rad1 Rh7 18. Qg5+ Rg7 19. Qf6 Rf8 20. Qh4 Rg4 21.
Qh5 Rf7 22. f3 Rh7 23. fxg4 Rxh5 24. gxh5 Qh7 25. Rf2 Qxh5 26. Rdf1 Bg6 27. a3
a5 28. a4 Bc5 29. Kh1 Bxe3 30. Rf8+ Kg7 31. h4 Bf4 32. Rc8 Bxg3 33. Rxc7+ Kh6
34. Rf8 Qxh4+ 35. Kg1 Kg5 36. Rg7 e3 37. Kf1 Qc4+ 38. Kg1 Bf2+ 39. Kh2 Qh4+ 40.
Bh3 Qg3+ 0-1

[Event "Challenge"]
[Site "http://www.queenalice.com/game.php?id=1564045"]
[Date "2019.3.13"]
[Round "-"]
[White "jjjcarvalho"]
[Black "peterwagner"]
[Result "0-1"]
[WhiteElo "1482"]
[BlackElo "1980"]

1. d4 Nf6 2. Nf3 g6 3. e3 Bg7 4. c4 O-O 5. Bd3 d6 6. Nc3 c6 7. O-O Bf5 8. Bxf5
gxf5 9. Qc2 e6 10. h3 Nbd7 11. b4 Ng4 12. hxg4 fxg4 13. Ne1 f5 14. g3 h5 15. Ng2
Bf6 16. Nf4 Qe8 17. a4 h4 18. gxh4 Bxh4 19. d5 Ne5 20. Nxe6 Nf3+ 21. Kh1 Qh5 22.
Kg2 Bg3 23. Rh1 Ne1+ 24. Kg1 Nf3+ 25. Kg2 Bh2 26. Nf4 Qh4 27. Ng6 Qh7 28. Nf4
Rf6 29. Bb2 Rh6 30. Kf1 Bxf4 31. Rxh6 Qxh6 32. Ke2 Rf8 33. Rd1 Bxe3 34. fxe3
Qh2+ 35. Kd3 Ne5+ 36. Kd4 Qxc2 0-1

[Event "Challenge"]
[Site "http://www.queenalice.com/game.php?id=1569899"]
[Date "2019.5.5"]
[Round "-"]
[White "peterwagner"]
[Black "Tarasca"]
[Result "0-1"]
[WhiteElo "1978"]
[BlackElo "2092"]

1. Nf3 Nf6 2. g3 d5 3. Bg2 c5 4. O-O g6 5. d3 Bg7 6. Be3 d4 7. Bf4 O-O 8. Nbd2
Nc6 9. Ne4 Nxe4 10. dxe4 e5 11. Bg5 Qb6 12. Qc1 Bg4 13. Bh6 f6 14. Bxg7 Kxg7 15.
h3 Be6 16. h4 Rfd8 17. b3 Rac8 18. h5 g5 19. Nxg5 fxg5 20. Qxg5+ Kf7 21. f4 Rg8
22. fxe5+ Ke8 23. Qh6 Kd7 24. Qxh7+ Ne7 25. Rf6 Rh8 26. Bh3 Rxh7 27. Bxe6+ Qxe6
28. Rxe6 Kxe6 29. g4 Rg7 30. Kh2 Rxg4 31. Kh3 Rcg8 32. Rh1 Rg3+ 0-1

[Event "Challenge"]
[Site "http://www.queenalice.com/game.php?id=1569902"]
[Date "2019.5.5"]
[Round "-"]
[White "Tarasca"]
[Black "peterwagner"]
[Result "1-0"]
[WhiteElo "2110"]
[BlackElo "1978"]

1. e4 e5 2. Nf3 Nf6 3. Nxe5 d6 4. Nf3 g6 5. Nc3 Bg7 6. d4 O-O 7. Bd3 Nc6 8. O-O
Bg4 9. Be2 Qe7 10. Bg5 h6 11. Nd5 Qxe4 12. Nxf6+ Bxf6 13. Bxf6 g5 14. d5 Ne5 15.
Bxe5 dxe5 16. Re1 Rad8 17. Nxg5 hxg5 18. Bxg4 Qf4 19. g3 Qf6 20. c4 Kg7 21. Qb3
b6 22. Re4 Rh8 23. Qe3 Rde8 24. Re1 Rh6 25. Rxe5 Reh8 26. Rxg5+ Rg6 27. Rf5 Qd6
28. Bh5 Rxh5 29. Rxh5 Qf6 30. Qe8 Rh6 31. Rxh6 Qxh6 32. Re7 Qf6 33. Rxc7 1-0

[Event "Challenge"]
[Site "http://www.queenalice.com/game.php?id=1572762"]
[Date "2019.5.29"]
[Round "-"]
[White "josebaron"]
[Black "peterwagner"]
[Result "1-0"]
[WhiteElo "2071"]
[BlackElo "1978"]

1. e4 e5 2. Bc4 Nf6 3. Nc3 g6 4. Nf3 Bg7 5. Nxe5 O-O 6. Nf3 c6 7. O-O d6 8. h3
h5 9. d3 b5 10. Bb3 Nbd7 11. a3 Nc5 12. Bg5 Nxb3 13. cxb3 Be6 14. b4 Qd7 15. Kh2
d5 16. exd5 Qd6+ 17. Kg1 cxd5 18. Nxb5 Qd7 19. Nbd4 Ng4 20. Nxe6 fxe6 21. hxg4
hxg4 22. Nh4 g3 23. fxg3 Rf7 24. Rxf7 Qxf7 25. d4 e5 26. dxe5 Bxe5 27. Nf3 Bxg3
28. Bh4 Bxh4 29. Nxh4 Rf8 30. Nf3 g5 31. Nxg5 Qf2+ 32. Kh1 Qh4+ 33. Nh3 d4 34.
a4 Rf2 35. Qe1 d3 36. Qxf2 Qxb4 37. Qg3+ Kf7 38. Qf4+ 1-0

[Event "Challenge"]
[Site "http://www.queenalice.com/game.php?id=1574318"]
[Date "2019.6.13"]
[Round "-"]
[White "gfalk"]
[Black "peterwagner"]
[Result "0-1"]
[WhiteElo "1945"]
[BlackElo "1977"]

1. f4 Nf6 2. Nf3 g6 3. g3 Bg7 4. Bg2 O-O 5. O-O d5 6. d3 c5 7. c3 Nc6 8. Na3 Bf5
9. Nh4 e6 10. Qe1 d4 11. Nxf5 exf5 12. e4 fxe4 13. dxe4 dxc3 14. bxc3 Qb6 15.
Be3 Rad8 16. Nc4 Qc7 17. Bxc5 Ne7 18. Bxe7 Qxe7 19. Kh1 h5 20. Ne5 Ng4 21. Nxg4
hxg4 22. e5 Rd7 23. c4 Rfd8 24. Bd5 Rxd5 25. cxd5 Rxd5 26. Rc1 Rc5 0-1

[Event "Challenge"]
[Site "http://www.queenalice.com/game.php?id=1592518"]
[Date "2019.12.8"]
[Round "-"]
[White "peterwagner"]
[Black "christian_labat"]
[Result "1-0"]
[WhiteElo "2007"]
[BlackElo "2079"]

1. g3 e5 2. e4 Nf6 3. Bg2 Bc5 4. Nf3 Nxe4 5. O-O O-O 6. d3 Nxf2 7. Rxf2 Bxf2+ 8.
Kxf2 d6 9. h4 Bg4 10. Qh1 f5 11. Ng5 Qc8 12. Bd5+ Kh8 13. Nf7+ Rxf7 14. Bxf7 c6
15. h5 Qc7 16. Bg6 Qb6+ 17. Be3 Qxb2 18. h6 e4 19. d4 hxg6 20. hxg7+ Kxg7 21.
Qh6+ Kf7 22. Qh7+ Kf6 23. Qh8+ Kf7 24. Bg5 Qxc2+ 25. Nd2 Qd3 26. Qf6+ Kg8 27.
Qe6+ Kg7 28. Qf6+ Kg8 29. Qxg6+ Kf8 30. Qxd6+ Kf7 31. Qe7+ Kg8 32. Qe8+ Kg7 33.
Bh6+ Kf6 34. Qh8+ Ke6 35. Qg8+ Kd6 36. Nc4+ Kc7 37. Bf4+ Kd7 38. Ne5+ Ke7 39.
Nxd3 1-0

[Event "Challenge"]
[Site "http://www.queenalice.com/game.php?id=1595036"]
[Date "2020.1.3"]
[Round "-"]
[White "POLONIANYSA"]
[Black "peterwagner"]
[Result "1-0"]
[WhiteElo "2215"]
[BlackElo "2026"]

1. e4 e5 2. Nf3 Nc6 3. d4 d5 4. Nxe5 Nxe5 5. dxe5 dxe4 6. Qxd8+ Kxd8 7. Nc3 Bb4
8. Bd2 f6 9. exf6 Nxf6 10. O-O-O Bg4 11. Be2 Bxe2 12. Nxe2 Bxd2+ 13. Rxd2+ Kc8
14. Nf4 Re8 15. Nd5 b5 16. Nxf6 gxf6 17. Rhd1 a5 18. Rd7 a4 19. Rxh7 Ra7 20. h4
Rd8 21. Rxd8+ Kxd8 22. Rf7 Ra6 23. h5 Ke8 24. Rxc7 Kf8 25. Kd2 Rd6+ 26. Ke3 Re6
27. h6 Kg8 28. Kf4 Re5 29. Rc6 Kf7 30. h7 Rh5 31. Kxe4 Rxh7 32. Rc7+ Kg6 33.
Rxh7 Kxh7 34. Kf5 Kg7 35. a3 Kf7 36. b3 axb3 37. cxb3 Ke7 38. a4 bxa4 39. bxa4
1-0

[Event "Challenge"]
[Site "http://www.queenalice.com/game.php?id=1596191"]
[Date "2020.1.14"]
[Round "-"]
[White "dogdaddy"]
[Black "peterwagner"]
[Result "0-1"]
[WhiteElo "1967"]
[BlackElo "1992"]

1. d4 Nf6 2. Bg5 g6 3. Bxf6 exf6 4. e3 Bg7 5. Nc3 c6 6. Qf3 d5 7. O-O-O b5 8. b4
a5 9. bxa5 O-O 10. Kd2 b4 0-1

[Event "Challenge"]
[Site "http://www.queenalice.com/game.php?id=1600011"]
[Date "2020.2.19"]
[Round "-"]
[White "peterwagner"]
[Black "Jarowit_1"]
[Result "0-1"]
[WhiteElo "2004"]
[BlackElo "2272"]

1. Nf3 Nf6 2. g3 b6 3. Bg2 Bb7 4. O-O e6 5. d3 d5 6. d4 Bd6 7. c3 O-O 8. Bg5 h6
9. Bxh6 gxh6 10. Qd2 Kg7 11. Ne5 Bxe5 12. dxe5 Ne4 13. Qf4 Qg5 14. Qxg5+ hxg5
15. f3 Nc5 16. Nd2 Ba6 17. Rf2 Nc6 18. f4 gxf4 19. gxf4 f6 20. f5 fxe5 21. fxe6
Rxf2 22. Kxf2 Rf8+ 23. Ke1 e4 24. Bh3 Rh8 25. Bg4 Rxh2 26. b4 Na4 27. Nf1 Rg2
28. Ne3 Rg1+ 29. Kf2 Rxa1 30. Nf5+ Kf6 31. Ne3 Nxc3 0-1

[Event "Challenge"]
[Site "http://www.queenalice.com/game.php?id=1600985"]
[Date "2020.2.27"]
[Round "-"]
[White "waldi"]
[Black "peterwagner"]
[Result "1-0"]
[WhiteElo "2070"]
[BlackElo "2018"]

1. d4 Nf6 2. c4 g6 3. Nc3 Bg7 4. e4 d6 5. f4 c5 6. dxc5 Qa5 7. Bd3 Qxc5 8. h3
Nh5 9. Qf3 Nc6 10. Nge2 Be6 11. Be3 Bd4 12. Nxd4 Nxd4 13. Qf2 Bxc4 14. Bxd4 Qb5
15. Nxb5 Bxd3 16. Nc7+ Kd7 17. Nxa8 Rxa8 18. Qe3 Ba6 19. O-O-O Rc8+ 20. Kb1 b6
21. e5 e6 22. exd6 Bb7 23. Rhg1 f6 24. g4 Ng7 25. Bxf6 Ne8 26. Be7 1-0

[Event "Challenge"]
[Site "http://www.queenalice.com/game.php?id=1606339"]
[Date "2020.4.7"]
[Round "-"]
[White "christian_labat"]
[Black "peterwagner"]
[Result "1-0"]
[WhiteElo "2085"]
[BlackElo "2015"]

1. e4 e5 2. f4 Nf6 3. Nc3 Nc6 4. Nf3 g6 5. fxe5 Ng4 6. d4 d6 7. h3 Nh6 8. Bg5
Qd7 9. Qd2 dxe5 10. d5 Ne7 11. Bxh6 f6 12. Bxf8 Rxf8 13. O-O-O a6 14. Bc4 b5 15.
Bb3 Bb7 16. d6 Nc6 17. dxc7 Qxd2+ 18. Rxd2 Rc8 19. Nd5 Ne7 20. Rhd1 Nxd5 21.
exd5 Rxc7 22. d6 Rc5 23. Be6 h5 24. Nh4 f5 25. b4 Rc3 26. Re2 e4 27. Nxg6 Rf6
28. Nf4 Rxe6 29. Nxe6 Bc8 30. Nc5 Bd7 31. Kb2 Rg3 32. Nxa6 Kd8 33. Nc7 Bc6 34.
Ne6+ Ke8 35. Nf4 h4 36. a4 bxa4 37. c4 Rb3+ 38. Ka2 Rxb4 39. Red2 Kd7 40. Rd4
Rb3 41. Ng6 Kd8 42. Nxh4 e3 43. Nxf5 Bxg2 44. h4 Bf3 45. Re1 e2 46. Ng3 Re3 47.
h5 Rc3 48. h6 Re3 49. Rf4 1-0